Sukses Sejarah Tingkatan 5,SPM : Siri Revisi Lengkap Fajar Bakti

Bibliographic Details
Main Author: Mansor Hasan
Format: Book
Published: Shah Alam : Fajar Bakti , 2004
Subjects:

MARC

LEADER 00000cam a2200000 7i4500
001 0000045163
005 20040421.0
008 040421s2004
020 |a 9676574201 
090 0 0 |a R 959.507 MAN 
100 0 |a Mansor Hasan 
245 0 0 |a Sukses Sejarah Tingkatan 5,SPM :   |b Siri Revisi Lengkap Fajar Bakti   |c Mansor Hasan,Wan Napsiah Wan Yusof 
260 |a Shah Alam :   |b Fajar Bakti ,   |c 2004 
300 |a xviii,301p :   |b ill ;   |c 26cm. 
650 0 0 |a History-Malaysia-Education 
999 |a 218001   |b Buku   |c Rak Terbuka   |e Perbadanan Perpustakaan Awam Melaka 
999 |a 218002   |b Buku   |c Rak Terbuka   |e Perbadanan Perpustakaan Awam Melaka 
999 |a 218003   |b Buku   |c Rak Terbuka   |e Perpustakaan Cawangan Masjid Tanah 
999 |a 218004   |b Buku   |c Rak Terbuka   |e Perpustakaan Cawangan Merlimau 
999 |a 218006   |b Buku   |c Rak Terbuka   |e Perbadanan Perpustakaan Awam Melaka 
999 |a 218007   |b Buku   |c Rak Terbuka   |e Perbadanan Perpustakaan Awam Melaka 
999 |a 218008   |b Buku   |c Rak Terbuka   |e Perbadanan Perpustakaan Awam Melaka 
999 |a 218009   |b Buku   |c Rak Terbuka   |e Perbadanan Perpustakaan Awam Melaka 
999 |a 218012   |b Buku   |c Rak Terbuka   |e PERPUSTAKAAN PENJARA SUNGAI UDANG 
999 |a 218013   |b Buku   |c Rak Terbuka   |e Perbadanan Perpustakaan Awam Melaka 
999 |a 218014   |b Buku   |c Rak Terbuka   |e Perbadanan Perpustakaan Awam Melaka 
999 |a 218016   |b Buku   |c Rak Terbuka   |e Perbadanan Perpustakaan Awam Melaka 
999 |a 218017   |b Buku   |c Rak Terbuka   |e Perbadanan Perpustakaan Awam Melaka 
999 |a 218018   |b Buku   |c Rak Terbuka   |e Perbadanan Perpustakaan Awam Melaka 
999 |a 218019   |b Buku   |c Rak Terbuka   |e Perbadanan Perpustakaan Awam Melaka 
999 |a 218020   |b Buku   |c Rak Terbuka   |e Perbadanan Perpustakaan Awam Melaka